Paesi per immagini #6 - Statistics

Statistiche generali
  • Questo quiz è stato fatto 2.385 volte
  • Il punteggio medio è 8 su 14
Statistiche sulle risposte
con Immagini Risposta % Corretto
Regno Unito
95%
Italia
89%
Corea del Nord
82%
Cina
72%
Sudafrica
72%
Tanzania
58%
Israele / Palestina / Giordania
52%
Afghanistan
49%
Iraq
47%
Austria
46%
Nicaragua
45%
Spagna
44%
Russia
36%
Namibia
22%
Nessun quiz corrispondente trovato
Distribuzione punteggi
Percentuale di utenti per punteggio
Percentile per numero di risposta
I tuoi punteggi nel tempo
Non hai fatto questo quiz